01345nam a2200241Ia 4500001001100000003001000011008004100021040002500062041001300087100002900100245002800129250001100157260004100168300001100209500026200220501011400482520026200596650002800858942000700886957000600893999004200899952016200941L264-21098IT-CnALBA170116s9999||||xx |||||||||||||| ||und|| aIT-CnALBAcIT-CnALBA aITALIANO aAMORTH D. GABRIELE, SSP. 0aLA PASSIONE DI CRISTO.  a1a ed. a ROMAbLAZIOGRAFIK TIPOGRAFIA cn.d. a39 p.  aVIA CRUCIS RACCONTATA SECONDO I VANGELI. CATTURA DI GESÙ. DAVANTI AL SOMMO SACERDOTE ANNA. CONDANNA DEL SINEDRIO. PONZIO PILATO. PROCESSO ROMANO. INTERMEZZO DI ERODE. FLAGELLA ZIONE CONDANNA DI PILATO. VERSO IL GOLGOTA. AGONIA E MORTE. SEPOLTURA. PREGHIER aSocietà San Paolo EM - Piazza San Paolo, 14 - 12051 ALBA (CN) (non commercial uses only) ® Copyright 2017 aVIA CRUCIS RACCONTATA SECONDO I VANGELI. CATTURA DI GESÙ. DAVANTI AL SOMMO SACERDOTE ANNA. CONDANNA DEL SINEDRIO. PONZIO PILATO. PROCESSO ROMANO. INTERMEZZO DI ERODE. FLAGELLA ZIONE CONDANNA DI PILATO. VERSO IL GOLGOTA. AGONIA E MORTE. SEPOLTURA. PREGHIER aCULTO PUBBLICO LITURGIA cBK 71 a25833bNOg Copie: 1 c280205d280205 0010406L_2642109871aALBAbALBAd2017-01-16l0oL264-21098r2017-01-16 00:00:00w2017-01-16yBKz(data import: 16 gennaio 2017) - By Epidotti, Vaglietti.